Vista normal Vista MARC

Entrada Materia (reunión)

Número de registros utilizados en: 1

001 - CONTROL NUMBER

  • control field: 71424

003 - CONTROL NUMBER IDENTIFIER

  • control field: Co-BoUCM

005 - DATE AND TIME OF LATEST TRANSACTION

  • control field: 20150908101041.0

008 - FIXED-LENGTH DATA ELEMENTS

  • fixed length control field: 150908|| aca||aabn | a|a d

040 ## - CATALOGING SOURCE

  • Original cataloging agency: Co-BoUCM
  • Transcribing agency: Co-BoUCM

111 ## - HEADING--MEETING NAME

  • Meeting name or jurisdiction name as entry element: congreso nacional autónomo del pueblo negro, afrocolombiano, palenquero y raizal
  • Location of meeting: (Bogotá
  • Date of meeting: 2014
  • Number of part/section/meeting: 1er)

670 ## - SOURCE DATA FOUND

  • Source citation: Work cat.: (Co-BoUCM)300871: congreso nacional autónomo del pueblo negro, afrocolombiano, palenquero y raizal (Bogotá 2014 1er), Memorias del primer congreso nacional autónomo del pueblo negro, afrocolombiano, palenquero y raizal, 2013